00349 a2200145 4500003000400000005001700004008004100021020001500062040000900077082001900086100002000105245003000125260003900155300000900194OSt20231220120856.0231220b |||||||| |||| 00| 0 eng d a8170554934 coclc a891.433bKAN/P aKannan, Lakshmi aPARTAIN /cLakshmi Kannan aNew Delhi:bVani Prakashan,c1996. a187p